000 00923nas a2200289 4500
001 BR8304287
003 BR-BrBNA
005 20231205085646.0
007 ta
008 230509b bl.|||p| |||| 00| 00por d
040 _aBR-BrBNA
_bpor
_cBiblioteca Nacional de Agricultura
041 _a(Pt)
072 _aH20
100 1 _aLuz, E.D.M.N.
100 1 _aCampelo, A.M.F.L.
245 1 _aTemperatura, fator preponderante no equilibrio populacional das especies de Phytophthora que causam podridao-parda do cacaueiro na Bahia, Brasil [Theobroma cacao]
650 _aCACAU
650 _aPODRIDAO PARDA
650 _aFUNGO
650 _aTEMPERATURA
650 _aESPORULACAO
650 _aBAHIA
773 0 _tRevista Theobroma (Brazil)
_xISSN 0370-7962
_g(Oct-Dec 1983), v. 13(4) p. 361-375
_wBR8304287
856 4 0 _dLink DSPACE/MAPA BR8304287
909 _a202311
_bLúcia
_c55
_dLúcia Elande
942 _2AGRIS
_n0
_cANA
999 _c112863
_d112863